1868 1485 1715 1468 1082 1212 1546 1393 1174 1613 1643 1623 1860 1494 1122 1403 1347 1309 1273 1430 1045 1741 1223 1086 1613 1415 1756 1895 1857 1951 1419 1970 1242 1827 1056 1871 1901 1693 1746 1522 1480 1614 1975 1851 1897 1810 1155 1080 1059 1913 1164 1217 1395 1189 1690 1499 1648 1405 1621 1453 1057 1833 1042 1611 1821 1217 1308 1050 1345 1845 1951 1205 1457 1220 1867 1595 1937 1137 1342 1080 1272 1148 1733 1284 1439 1112 1472 1989 1928 1006 1883 1718 1030 1798 1604 1535 1176 1456 1883 BCNSPRNW ULIB Ver.6.0+V

เปลี่ยนเป็นภาษาไทย

Change to English
 แสดงรายละเอียดบรรณานุกรม
  กลับหน้าหลัก

Brief Record : Get Marc (ISO 2709) : E-mail record : QR code < ปิดหน้าต่าง
LEADER : 00000nam 2200000uu 4500
001    13399124043
003     ULIB
008    150105s2556||||th 000 0 tha d
020    ^a9789741382651
060 04 ^aWB13^bป446ค
100 0  ^aปราณี ทู้ไพเราะ
245 10 ^aคำศัพท์-คำย่อทางการแพทย์ =^bMedical vocabulary &abbreviation /^cปราณี ทู้ไพเราะ
246 31 ^aMedical vocabulary & abbreviation
250    ^aพิมพ์ครั้งที่ 7(ปรับปรุงครั้งที่ 3)
260    ^aกรุงเทพฯ :^bN P Press,^c2556
300    ^a634 หน้า ;^c21 ซม.
650  7 ^aการแพทย์^xคำย่อ
650  7 ^aการแพทย์^xคำศัพท์
650  7 ^aแพทยศาสตร์^xคำย่อ
650  7 ^aแพทยศาสตร์^xคำศัพท์
945    ^p350^l0^i037888
945    ^p350^l0^i037889
945    ^p350^l0^i037890
945    ^p350^l0^i037891
945    ^p350^l0^i037892
945    ^p350^l0^i037893
945    ^p350^l0^i037894
945    ^p350^l0^i037895
945    ^p350^l0^i037896
945    ^p350^l0^i037897
999    ^aเกษร โพธิ์สุวรรณ
รายการนี้ยังไม่มีแท็ก
คุณยังไม่ได้ล็อกอิน คุณสามารถมีกิจกรรมร่วมกับเว็บไซต์ได้ แต่ต้องล็อกอินก่อน ::
  ล็อกอิน

รายการสื่อสารสนเทศ

ลำดับที่ ประเภท เลขเรียก/บาร์โค้ด สถานที่ สถานะ
1. วิทยาศาสตร์การแพทย์ และสุขภาพ
หนังสือสำรอง
สถานะ=หนังสือสำรอง
WB13 ป446ค ฉ.1 
  Barcode: 037888
ห้องสมุดวิทยาเขตสวรรค์ประชารักษ์
►ส่วนจัดเก็บหนังสือเก่า สปร
บนชั้น
  ขอยืม
2. วิทยาศาสตร์การแพทย์ และสุขภาพ
วิทยาศาสตร์การแพทย์ และสุขภาพ
WB13 ป446ค ฉ.10 
  Barcode: 037897
ห้องสมุดวิทยาเขตสวรรค์ประชารักษ์
►ส่วนจัดเก็บหนังสือเก่า สปร
บนชั้น
  ขอยืม
3. วิทยาศาสตร์การแพทย์ และสุขภาพ
วิทยาศาสตร์การแพทย์ และสุขภาพ
WB13 ป446ค ฉ.2 
  Barcode: 037889
ห้องสมุดวิทยาเขตสวรรค์ประชารักษ์
►ส่วนจัดเก็บหนังสือเก่า สปร
บนชั้น
  ขอยืม
4. วิทยาศาสตร์การแพทย์ และสุขภาพ
วิทยาศาสตร์การแพทย์ และสุขภาพ
WB13 ป446ค ฉ.3 
  Barcode: 037890
ห้องสมุดวิทยาเขตสวรรค์ประชารักษ์
►ส่วนจัดเก็บหนังสือเก่า สปร
บนชั้น
  ขอยืม
5. วิทยาศาสตร์การแพทย์ และสุขภาพ
วิทยาศาสตร์การแพทย์ และสุขภาพ
WB13 ป446ค ฉ.4 
  Barcode: 037891
ห้องสมุดวิทยาเขตสวรรค์ประชารักษ์
►ส่วนจัดเก็บหนังสือเก่า สปร
บนชั้น
  ขอยืม
6. วิทยาศาสตร์การแพทย์ และสุขภาพ
วิทยาศาสตร์การแพทย์ และสุขภาพ
WB13 ป446ค ฉ.5 
  Barcode: 037892
ห้องสมุดวิทยาเขตสวรรค์ประชารักษ์
►ส่วนจัดเก็บหนังสือเก่า สปร
บนชั้น
  ขอยืม
7. วิทยาศาสตร์การแพทย์ และสุขภาพ
วิทยาศาสตร์การแพทย์ และสุขภาพ
WB13 ป446ค ฉ.7 
  Barcode: 037894
ห้องสมุดวิทยาเขตสวรรค์ประชารักษ์
►ส่วนจัดเก็บหนังสือเก่า สปร
บนชั้น
  ขอยืม
8. วิทยาศาสตร์การแพทย์ และสุขภาพ
วิทยาศาสตร์การแพทย์ และสุขภาพ
WB13 ป446ค ฉ.8 
  Barcode: 037895
ห้องสมุดวิทยาเขตสวรรค์ประชารักษ์
►ส่วนจัดเก็บหนังสือเก่า สปร
บนชั้น
  ขอยืม
9. วิทยาศาสตร์การแพทย์ และสุขภาพ
วิทยาศาสตร์การแพทย์ และสุขภาพ
WB13 ป446ค ฉ.9 
  Barcode: 037896
ห้องสมุดวิทยาเขตสวรรค์ประชารักษ์
►ส่วนจัดเก็บหนังสือเก่า สปร
บนชั้น
  ขอยืม

รายการใกล้เคียง
    ผู้แต่ง [ปราณี ทู้ไพเราะ]

BibComment


ยังไม่เคยถูกคอมเมนท์

คอมเมนท์ทรัพยากรรายการนี้
  คอมเมนท์: คำศัพท์คำย่อทางก..


 Copyright 2026. Bcnsprnw @Library